000
00249 a2200097 4500
001
35941
100
_a
Bulloush Robert V
245
_a
Classroom Application of Microcomputers
260
_a
London
_b
Merrill Publishers Co.
_c
090
_c
23491
_d
23491
942
_a
NUST-CAE
_c
M
_c
14993
999
_c
271014
_d
271014